| 000 | 00598nam a22002177a 4500 | ||
|---|---|---|---|
| 003 | DO-SdBNP | ||
| 005 | 20220207091455.0 | ||
| 007 | ta | ||
| 008 | 220207b2017 ||||| |||| 00| 0 spa d | ||
| 020 | _a9789945610024 | ||
| 020 | _a9789945905281 | ||
| 040 |
_aDO-SdBNP _bspa _cBNPHU |
||
| 082 |
_aF- _bS211I |
||
| 245 |
_aIdeario de Sánchez / _cLeonor Tejada, comp. |
||
| 260 |
_aSanto Domingo : _bInstituto Duartiano, _c2017 |
||
| 300 |
_a35 p. ; _c15 cm |
||
| 590 | _aInventariado, 2022 / DG | ||
| 600 |
_aSánchez, Francisco del Rosario _d1817-1861 _981140 |
||
| 910 | _aDG | ||
| 942 |
_2ddc _cLBS1 |
||
| 999 |
_c51354 _d51354 |
||